Con lừa vàng [Truyện cổ La Mã]
Gespeichert in:
| 1. Verfasser: | |
|---|---|
| Weitere Verfasser: | |
| Format: | Buch |
| Sprache: | Vietnamese |
| Veröffentlicht: |
Hậu Giang
Nxb. Tổng hợp Hậu Giang
1987
|
| Schlagworte: | |
| Tags: |
Tag hinzufügen
Keine Tags, Fügen Sie den ersten Tag hinzu!
|
| Thư viện lưu trữ: | Mạng thư viện Đại học Đà Nẵng |
|---|
| LEADER | 01094nam a2200337 4500 | ||
|---|---|---|---|
| 001 | 000004529 | ||
| 003 | 668 | ||
| 005 | 20120417160433.0 | ||
| 008 | 110721s1987 viesd | ||
| 020 | |c 6000 | ||
| 041 | 0 | |a vie | |
| 082 | |a 883 |b AP-L | ||
| 100 | 0 | 0 | |a Apuleius. |
| 245 | 0 | |a Con lừa vàng |b [Truyện cổ La Mã] |c Apuleius; Nhật Chiêu dịch | |
| 260 | |a Hậu Giang |b Nxb. Tổng hợp Hậu Giang |c 1987 | ||
| 300 | |a 181 tr |c 19 cm | ||
| 653 | |a Văn học cổ đại | ||
| 653 | |a Hi Lạp | ||
| 653 | |a truyện châm biếm | ||
| 700 | |a Nhật Chiêu |e Dịch | ||
| 910 | |a Nguyễn Thị Kim Oanh |d 21/ 07/ 2011 | ||
| OWN | |a LSP | ||
| AVA | |a UDN50 |b LSP |d 883 AP-L |e unavailable |t Error 5002 Not defined in file expand_doc_bib_avail. |f 1 |g 1 |h N |i 0 |k 1 | ||
| 999 | |a From the UDN01 | ||
| AVA | |a UDN50 |b LSP |d 883 AP-L |e unavailable |t Error 5002 Not defined in file expand_doc_bib_avail. |f 1 |g 1 |h N |i 0 |k 1 | ||
| TYP | |a Monograph | ||
| TYP | |a Printed language | ||
| 980 | |a Mạng thư viện Đại học Đà Nẵng | ||